| 000 | 00433nam a22001697a 4500 | ||
|---|---|---|---|
| 003 | CEME | ||
| 005 | 20210628205356.0 | ||
| 008 | 210315b xxu||||| |||| 00| 0 eng d | ||
| 020 | _a0-273-03810-9 | ||
| 040 | _c. | ||
| 082 | _a519.2 WHI'S | ||
| 100 |
_aWhitehead, Paul Whitehead, Geoffrey _975219 |
||
| 245 | _aStatistics for business an introduction | ||
| 260 |
_aLONDON _bPITMAN _c1996 |
||
| 300 | _aIX, 308P | ||
| 942 |
_cBK _2ddc |
||
| 999 |
_c580682 _d580682 |
||